[Event "46th World Open"]
[Site "Philadelphia"]
[Date "2018.07.08"]
[Round "8"]
[White "Sevian, Samuel"]
[Black "Lou, Yiping"]
[Result "1-0"]
[WhiteElo "2624"]
[BlackElo "2487"]
[PlyCount "107"]
[EventDate "2018.07.??"]
[EventType "swiss"]
[EventRounds "9"]
[EventCountry "USA"]

1. e4 e6 2. d4 d5 3. Nc3 Nf6 4. e5 Nfd7 5. f4 c5 6. Nf3 Be7 7. Be3 b6 8. h4 Nc6
9. g3 O-O 10. Bd3 f5 11. Ng5 Bxg5 12. hxg5 g6 13. Bb5 Bb7 14. Rh6 a6 15. Be2
Qe7 16. Qd2 Rf7 17. O-O-O Rc8 18. Kb1 cxd4 19. Bxd4 Nxd4 20. Qxd4 Qc5 21. Qd3
Nf8 22. Qd2 Rfc7 23. Bd3 d4 24. Ne2 a5 25. Rh2 Rd8 26. Nc1 Bf3 27. Rf1 Qc6 28.
Ne2 Bd5 29. Rd1 Qc5 30. a3 Bf3 31. Rf2 Bb7 32. Nc1 Rcd7 33. Nb3 Qd5 34. Bf1 a4
35. Bg2 Qb5 36. Nc1 Be4 37. Re1 Qc6 38. Nd3 Rc7 39. Nb4 Qa8 40. Bxe4 fxe4 41.
Rfe2 e3 42. Qd3 Qf3 43. Qb5 Qxg3 44. Qxb6 Rdd7 45. Nd3 Qf3 46. Qb5 Ra7 47. Qc4
Qe4 48. Rxe3 Qg2 49. R3e2 Qf3 50. Re4 Qg2 51. Nb4 Rac7 52. Qd3 Qf2 53. Rf1 Qg2
54. Qf3 1-0

[Event "46th World Open"]
[Site "Philadelphia"]
[Date "2018.07.08"]
[Round "8"]
[White "Petrosian, Tigran L"]
[Black "Jacobson, Brandon"]
[Result "1-0"]
[WhiteElo "2607"]
[BlackElo "2397"]
[PlyCount "91"]
[EventDate "2018.07.??"]
[EventType "swiss"]
[EventRounds "9"]
[EventCountry "USA"]

1. Nf3 Nf6 2. g3 b6 3. Bg2 Bb7 4. O-O g6 5. d3 Bg7 6. e4 O-O 7. e5 Ne8 8. d4 d6
9. Re1 c5 10. d5 Nd7 11. e6 fxe6 12. dxe6 Ndf6 13. c4 Nc7 14. Nc3 a6 15. Rb1 b5
16. b3 Ng4 17. Nd5 Nxd5 18. cxd5 Rf5 19. Nh4 Nxf2 20. Qe2 Rf8 21. Be3 Bd4 22.
Rf1 Bxe3 23. Qxe3 Ng4 24. Qg5 Ne5 25. Nf5 Rxf5 26. Rxf5 h6 27. Qxh6 gxf5 28.
Qg5+ Kh8 29. Rf1 Qg8 30. Qxe7 Qg7 31. Qxd6 Nd3 32. Kh1 Rf8 33. e7 Re8 34. Rxf5
Rxe7 35. Rh5+ Kg8 36. h4 Nf2+ 37. Kg1 Qa1+ 38. Bf1 Nh3+ 39. Kh2 Qxf1 40. Qg6+
Rg7 41. Qe8+ Qf8 42. Rh8+ Kxh8 43. Qxf8+ Kh7 44. Kxh3 c4 45. Qf5+ Kh8 46. d6
1-0

[Event "46th World Open"]
[Site "Philadelphia"]
[Date "2018.07.08"]
[Round "8"]
[White "Puranik, Abhimanyu"]
[Black "Peng, David"]
[Result "1-0"]
[WhiteElo "2507"]
[BlackElo "2363"]
[PlyCount "53"]
[EventDate "2018.07.??"]
[EventType "swiss"]
[EventRounds "9"]
[EventCountry "USA"]

1. Nf3 Nf6 2. g3 d5 3. Bg2 g6 4. b3 Bg7 5. Bb2 O-O 6. c4 dxc4 7. bxc4 c5 8. O-O
Nc6 9. Ne5 Na5 10. Nc3 Nd7 11. Nxd7 Bxd7 12. d3 Bc6 13. Rb1 Bxg2 14. Kxg2 e5
15. Nd5 b5 16. e4 a6 17. Bc1 Rb8 18. Be3 Qd6 19. cxb5 axb5 20. Qd2 b4 21. a3
Nc6 22. Rfc1 bxa3 23. Bxc5 Rxb1 24. Bxd6 a2 25. Qxa2 Rxc1 26. Bxf8 Bxf8 27. Qb2
1-0

[Event "46th World Open"]
[Site "Philadelphia"]
[Date "2018.07.08"]
[Round "8"]
[White "Raja Harshit"]
[Black "Niemann, Hans"]
[Result "1-0"]
[WhiteElo "2442"]
[BlackElo "2313"]
[PlyCount "45"]
[EventDate "2018.07.??"]
[EventType "swiss"]
[EventRounds "9"]
[EventCountry "USA"]

1. e4 e6 2. d4 d5 3. Nd2 c5 4. Ngf3 cxd4 5. Nxd4 e5 6. N4f3 Nc6 7. exd5 Qxd5 8.
Bc4 Qd6 9. O-O Be6 10. Qe2 O-O-O 11. Ne4 Qd7 12. Be3 Bxc4 13. Qxc4 Qd5 14. Qa4
Bb4 15. c3 Qxe4 16. cxb4 f6 17. Rac1 Kb8 18. Rxc6 Qxc6 19. b5 Qc7 20. Qxa7+ Kc8
21. Bb6 Qe7 22. Qa8+ Kd7 23. Qxd8+ 1-0

[Event "46th World Open"]
[Site "Philadelphia"]
[Date "2018.07.08"]
[Round "8"]
[White "Shen, Christopher"]
[Black "Nestorovic, Nikola"]
[Result "0-1"]
[WhiteElo "2266"]
[BlackElo "2450"]
[PlyCount "80"]
[EventDate "2018.07.??"]
[EventType "swiss"]
[EventRounds "9"]
[EventCountry "USA"]

1. c4 e5 2. g3 Nc6 3. Bg2 Bc5 4. Nc3 d6 5. e3 a6 6. Nf3 Ba7 7. d4 Bg4 8. d5
Nce7 9. e4 Nf6 10. h3 Bd7 11. O-O h6 12. Ne1 b5 13. cxb5 axb5 14. Nc2 h5 15. h4
Ng4 16. Qe2 Rb8 17. a3 O-O 18. Ne3 Bd4 19. Nxg4 Bxg4 20. Bf3 Qd7 21. Bxg4 hxg4
22. Qd3 f5 23. Ne2 fxe4 24. Qxe4 Qf5 25. Qxf5 Rxf5 26. Nxd4 exd4 27. Re1 Re5
28. Bf4 Rxe1+ 29. Rxe1 Nxd5 30. Re4 Nxf4 31. Rxf4 c5 32. Rxg4 Re8 33. Rg6 Re2
34. Rxd6 Rxb2 35. Kf1 Rb3 36. Rd5 d3 37. Ke1 c4 38. Kd1 Rxa3 39. Rd4 Ra2 40. f4
Rg2 0-1

[Event "46th World Open"]
[Site "Philadelphia"]
[Date "2018.07.08"]
[Round "8"]
[White "Brodsky, David"]
[Black "Sinha, Sahil"]
[Result "1-0"]
[WhiteElo "2411"]
[BlackElo "2250"]
[PlyCount "89"]
[EventDate "2018.07.??"]
[EventType "swiss"]
[EventRounds "9"]
[EventCountry "USA"]

1. e4 c5 2. Nf3 d6 3. d4 cxd4 4. Nxd4 Nf6 5. Nc3 Nc6 6. Bg5 e6 7. Qd2 a6 8.
O-O-O h6 9. Nxc6 bxc6 10. Bf4 d5 11. Qe3 Bb4 12. Be2 O-O 13. e5 Nh7 14. Ne4 Qa5
15. a3 dxe4 16. axb4 Qa1+ 17. Kd2 Qxb2 18. Rb1 Qa2 19. Qxe4 Rd8+ 20. Bd3 Nf8
21. Ke2 Bb7 22. Be3 Qd5 23. c4 Qxe4 24. Bxe4 Nd7 25. f4 f6 26. exf6 Nxf6 27.
Bf3 Kf7 28. Rhd1 Rac8 29. g4 Ba8 30. g5 hxg5 31. fxg5 Nd7 32. Bf4 c5 33. Bxa8
Rxa8 34. Bc7 Ke7 35. Bxd8+ Kxd8 36. bxc5 Kc7 37. h4 Nxc5 38. Ke3 g6 39. Rf1 a5
40. Rf7+ Kd6 41. Rb6+ Ke5 42. Rc6 Ne4 43. Re7 Kf5 44. Rcxe6 Nc3 45. Kf3 1-0

[Event "46th World Open"]
[Site "Philadelphia"]
[Date "2018.07.08"]
[Round "8"]
[White "Oconnor, Derek"]
[Black "Shetty, Atulya"]
[Result "1/2-1/2"]
[WhiteElo "2215"]
[BlackElo "2382"]
[PlyCount "56"]
[EventDate "2018.07.??"]
[EventType "swiss"]
[EventRounds "9"]
[EventCountry "USA"]

1. d4 d5 2. c4 c6 3. Nf3 Nf6 4. e3 a6 5. Nbd2 g6 6. b4 Bg7 7. Bb2 O-O 8. Be2
Bf5 9. O-O Nbd7 10. cxd5 cxd5 11. Qb3 Qb8 12. Rfc1 Qd6 13. b5 axb5 14. Bxb5 Ne4
15. a4 Nxd2 16. Nxd2 Rfc8 17. Ba3 Qe6 18. Qd1 Nf6 19. Rxc8+ Rxc8 20. Rc1 Bf8
21. h3 h5 22. Nf3 Ne4 23. Bb4 Nd6 24. Rxc8 Qxc8 25. Bxd6 exd6 26. Qb3 Qc1+ 27.
Bf1 Qc6 28. Bb5 Qc1+ 1/2-1/2

[Event "46th World Open"]
[Site "Philadelphia"]
[Date "2018.07.08"]
[Round "8"]
[White "Andrews, Todd"]
[Black "Virkud, Apurva"]
[Result "1-0"]
[WhiteElo "2243"]
[BlackElo "2132"]
[PlyCount "69"]
[EventDate "2018.07.??"]
[EventType "swiss"]
[EventRounds "9"]
[EventCountry "USA"]

1. d4 d5 2. c4 e6 3. Nc3 Be7 4. cxd5 exd5 5. Bf4 c6 6. e3 Nf6 7. Bd3 Nbd7 8. h3
Nf8 9. Nf3 Ng6 10. Bg3 O-O 11. O-O Re8 12. Ne5 Bd6 13. f4 a6 14. Qf3 Qc7 15.
Rac1 Qb8 16. Kh1 Qc7 17. Bh2 Qe7 18. Rce1 Bb4 19. f5 Nf8 20. Re2 Bxc3 21. bxc3
Ne4 22. c4 f6 23. Ng4 b5 24. cxd5 cxd5 25. Rc1 Ra7 26. Bxe4 Qxe4 27. Qg3 Qe7
28. e4 h5 29. exd5 Qxe2 30. Nxf6+ Kh8 31. Nxe8 Bxf5 32. Nd6 Bd3 33. Re1 Qd2 34.
Re8 Kg8 35. Qf3 1-0

[Event "46th World Open"]
[Site "Philadelphia"]
[Date "2018.07.08"]
[Round "8"]
[White "Miladinovic, Lena"]
[Black "Homa, Seth"]
[Result "0-1"]
[WhiteElo "2120"]
[BlackElo "2239"]
[PlyCount "216"]
[EventDate "2018.07.??"]
[EventType "swiss"]
[EventRounds "9"]
[EventCountry "USA"]

1. c4 e6 2. Nc3 d5 3. cxd5 exd5 4. d4 Nf6 5. Bg5 c6 6. Nf3 Be7 7. Qc2 Nbd7 8.
e3 h6 9. Bh4 Nh5 10. Bxe7 Qxe7 11. O-O-O Nhf6 12. Bd3 Nb6 13. Kb1 Be6 14. Rc1
a5 15. Rhe1 a4 16. Ne5 O-O 17. f4 Rfc8 18. f5 Bd7 19. e4 dxe4 20. Nxe4 Nxe4 21.
Bxe4 Re8 22. f6 gxf6 23. Nxd7 Qxd7 24. Qd2 f5 25. Bc2 Rxe1 26. Rxe1 Re8 27. Rf1
Nc4 28. Qc3 Ne3 29. Rf3 Nxc2 30. Rg3+ Kf8 31. Kxc2 Re2+ 32. Kd1 Re4 33. Rd3 Kg8
34. Qd2 Qe6 35. d5 cxd5 36. Rxd5 Qb6 37. Rd8+ Kh7 38. Rd6 Qg1+ 39. Kc2 Qxh2 40.
Rd7 Rc4+ 41. Kd3 Rc7 42. Rxc7 Qxc7 43. Qf2 Kg6 44. a3 b5 45. Kd2 Kg5 46. Kd1
Qf4 47. Qg1 Kg4 48. Qh1 Kg3 49. Qe1+ Kxg2 50. Qe2+ Kg1 51. Qxb5 Qf1+ 52. Qxf1+
Kxf1 53. b4 axb3 54. a4 b2 55. Kc2 Ke2 56. a5 f4 57. Kxb2 f3 58. a6 f2 59. a7
f1=Q 60. a8=Q Qf6+ 61. Kc2 Qf5+ 62. Kc1 Qc5+ 63. Kb2 Qd4+ 64. Kc1 Kd3 65. Kb1
Qb4+ 66. Kc1 Qc5+ 67. Kb2 Qf2+ 68. Ka1 f5 69. Qa6+ Kc3 70. Qc6+ Kd3 71. Qa6+
Ke3 72. Qxh6+ Qf4 73. Qh3+ Kd2 74. Qg2+ Kd3 75. Qg6 Qe5+ 76. Ka2 Qd5+ 77. Kb2
Ke2 78. Qh5+ Qf3 79. Qh2+ Qf2 80. Qe5+ Kd3+ 81. Kb3 Qb6+ 82. Ka2 Qa6+ 83. Kb1
Qb7+ 84. Ka2 Qe4 85. Qd6+ Kc3 86. Qf6+ Kc2 87. Qb2+ Kd1 88. Qg7 f4 89. Qg1+ Ke2
90. Kb2 f3 91. Qh2+ f2 92. Kc1 Qc4+ 93. Kb2 Qd4+ 94. Kc2 Qc5+ 95. Kb2 Qe3 96.
Kc2 Qd2+ 97. Kb3 Qd3+ 98. Kb2 Ke1 99. Qh4 Qd2+ 100. Kb3 Qd3+ 101. Kb2 Ke2 102.
Qh2 Qe4 103. Kc3 Qc6+ 104. Kb2 Qf6+ 105. Kc2 Qg6+ 106. Kb2 Qg4 107. Kc2 Ke3
108. Qh1 Qe4+ 0-1

[Event "46th World Open"]
[Site "Philadelphia"]
[Date "2018.07.08"]
[Round "8"]
[White "Aaron, Deepak"]
[Black "Cooke, Eric"]
[Result "0-1"]
[WhiteElo "2338"]
[BlackElo "2098"]
[PlyCount "72"]
[EventDate "2018.07.??"]
[EventType "swiss"]
[EventRounds "9"]
[EventCountry "USA"]

1. e4 e6 2. d4 d5 3. Nd2 Nf6 4. e5 Nfd7 5. c3 c5 6. Bd3 Nc6 7. Ne2 f6 8. Nf4
Qe7 9. exf6 gxf6 10. Nf3 c4 11. Bc2 Nb6 12. O-O Bd7 13. a4 O-O-O 14. a5 Na8 15.
Re1 Nc7 16. b3 cxb3 17. Bxb3 Qf7 18. Nd3 Bd6 19. Ba4 Rdg8 20. Ba3 Qg7 21. g3
Qe7 22. Bxd6 Qxd6 23. Nc5 b6 24. axb6 axb6 25. Nxd7 Kxd7 26. Rb1 Rb8 27. Qd3
Ra8 28. Qc2 Ra6 29. c4 dxc4 30. d5 exd5 31. Qf5+ Kd8 32. Bxc6 Qxc6 33. Nd4 Qd6
34. Ne6+ Kc8 35. Nc5+ Kb8 36. Nxa6+ Nxa6 0-1

[Event "46th World Open"]
[Site "Philadelphia"]
[Date "2018.07.08"]
[Round "8"]
[White "Acor, Corey"]
[Black "Obili, Abhishek"]
[Result "1/2-1/2"]
[WhiteElo "2269"]
[BlackElo "2090"]
[PlyCount "129"]
[EventDate "2018.07.??"]
[EventType "swiss"]
[EventRounds "9"]
[EventCountry "USA"]

1. e4 c5 2. Nc3 Nc6 3. g3 g6 4. Bg2 Bg7 5. d3 Rb8 6. Be3 b5 7. a3 b4 8. axb4
Rxb4 9. Bxc5 Rxb2 10. Nge2 d6 11. Qc1 Rb8 12. Be3 Nf6 13. h3 O-O 14. O-O a5 15.
d4 Bd7 16. Qa3 Qc8 17. Kh2 e5 18. Rfd1 exd4 19. Nxd4 Ne5 20. Bf1 Rb4 21. Ra2
Rxd4 22. Bxd4 Nf3+ 23. Kh1 Bxh3 24. Nd5 Nxd5 25. Qxf3 Bg4 26. Qb3 Bxd1 27. Bxg7
Kxg7 28. Qxd5 Bf3+ 29. Kg1 Qg4 30. Qxd6 Qxe4 31. c4 Re8 32. Rxa5 Qe1 33. Qd4+
Kg8 34. Ra1 Qe5 35. Qa7 h5 36. Ra3 Bc6 37. Re3 Qb8 38. Qc5 Rxe3 39. Qxe3 Qb7
40. Bd3 Bh1 41. Kf1 Qf3 42. Qxf3 Bxf3 43. Ke1 g5 44. Kd2 Bg2 45. Ke3 h4 46.
gxh4 gxh4 47. Kf4 h3 48. Kg3 Kf8 49. Bf5 Ke7 50. c5 Kd8 51. Bxh3 Bxh3 52. Kxh3
Kc7 53. Kg4 Kc6 54. Kf5 Kxc5 55. Ke5 Kc6 56. f4 Kd7 57. Kf6 Ke8 58. Kg7 f5 59.
Kf6 Kf8 60. Kxf5 Kf7 61. Kg5 Kg7 62. f5 Kf7 63. f6 Kf8 64. Kf5 Kf7 65. Ke5
1/2-1/2

[Event "46th World Open"]
[Site "Philadelphia"]
[Date "2018.07.08"]
[Round "8"]
[White "Flaquer, Luis"]
[Black "Polgar-Shutzman, Tom"]
[Result "1-0"]
[WhiteElo "2199"]
[BlackElo "2076"]
[PlyCount "83"]
[EventDate "2018.07.??"]
[EventType "swiss"]
[EventRounds "9"]
[EventCountry "USA"]

1. d4 Nf6 2. c4 g6 3. Nc3 Bg7 4. e4 d6 5. Be2 O-O 6. Nf3 e5 7. O-O Nc6 8. d5
Ne7 9. Ne1 Nd7 10. Be3 f5 11. f3 f4 12. Bf2 g5 13. b4 Nf6 14. c5 Ng6 15. Rc1
Rf7 16. a4 h5 17. Kh1 g4 18. cxd6 cxd6 19. Nb5 a6 20. Na7 Bd7 21. a5 g3 22. Bb6
Qe7 23. b5 Ne8 24. Bg1 axb5 25. Qb3 Qh4 26. Nxb5 Qd8 27. Na7 Qh4 28. Qxb7 Rxa7
29. Qxa7 Bb5 30. Qb8 Bxe2 31. Qxe8+ Nf8 32. Nc2 Bxf1 33. Rxf1 Ra7 34. Ra1 Kh7
35. a6 Nd7 36. h3 Nc5 37. Bxc5 dxc5 38. d6 Qf6 39. d7 Rxa6 40. d8=Q Rxa1+ 41.
Nxa1 Qa6 42. Qxh5+ 1-0

[Event "46th World Open"]
[Site "Philadelphia"]
[Date "2018.07.08"]
[Round "8"]
[White "Clasby, Derek"]
[Black "Liang, Hairan"]
[Result "0-1"]
[WhiteElo "2071"]
[BlackElo "2169"]
[PlyCount "68"]
[EventDate "2018.07.??"]
[EventType "swiss"]
[EventRounds "9"]
[EventCountry "USA"]

1. e4 c5 2. Nf3 Nc6 3. d4 cxd4 4. Nxd4 g6 5. Nc3 Bg7 6. Be3 Nf6 7. Be2 O-O 8.
Qd2 d5 9. Nxc6 bxc6 10. Rd1 Bb7 11. e5 Nd7 12. f4 e6 13. Na4 g5 14. O-O gxf4
15. Rxf4 Nxe5 16. Nc5 Bc8 17. Ra4 Ng6 18. Bh6 e5 19. Rf1 f5 20. Bxg7 Kxg7 21.
Kh1 Qd6 22. Qb4 Rf7 23. g3 f4 24. Qc3 Bh3 25. Rf2 Raf8 26. g4 f3 27. Rxf3 Rxf3
28. Bxf3 Qf6 29. Ra3 Nh4 30. Rxa7+ Kg8 31. Ra3 Qf4 32. Qe3 Nxf3 33. Qxf4 Rxf4
34. Ne6 Re4 0-1

[Event "46th World Open"]
[Site "Philadelphia"]
[Date "2018.07.08"]
[Round "8"]
[White "Kretchetov, Alexandre"]
[Black "Harriott, Tyrell"]
[Result "1-0"]
[WhiteElo "2242"]
[BlackElo "2018"]
[PlyCount "97"]
[EventDate "2018.07.??"]
[EventType "swiss"]
[EventRounds "9"]
[EventCountry "USA"]

1. d4 d5 2. c4 e6 3. Nc3 f5 4. Bf4 Bd6 5. e3 Nf6 6. Bd3 O-O 7. Nge2 c6 8. O-O
dxc4 9. Bxc4 Nd5 10. Bxd6 Qxd6 11. Qd2 Kh8 12. f3 Nd7 13. Bb3 N7b6 14. e4 Ne7
15. a3 Ng6 16. Rad1 Bd7 17. Qe3 f4 18. Qf2 Qe7 19. Nc1 Qg5 20. Nd3 Rae8 21. a4
Bc8 22. Kh1 Nd7 23. e5 Qh6 24. Ne4 Rf5 25. Nd6 Rff8 26. Nxe8 Rxe8 27. a5 Ne7
28. a6 b6 29. Ra1 Nf5 30. Rfc1 Nb8 31. Nb4 Bd7 32. Bc2 Ng3+ 33. Kg1 Qh4 34. Be4
Rc8 35. hxg3 fxg3 36. Qe3 c5 37. Nd3 Bb5 38. dxc5 Nxa6 39. cxb6 Rd8 40. b7 Qh2+
41. Kf1 Qh1+ 42. Ke2 Qxg2+ 43. Ke1 Nb4 44. Rc8 Nc2+ 45. Rxc2 Qxc2 46. Rc1 Qh2
47. Rc8 Qh4 48. b8=Q g2+ 49. Kd2 1-0

[Event "46th World Open"]
[Site "Philadelphia"]
[Date "2018.07.08"]
[Round "8"]
[White "Mahajan, Rushaan"]
[Black "Li, Jerry"]
[Result "1-0"]
[WhiteElo "1905"]
[BlackElo "1997"]
[PlyCount "140"]
[EventDate "2018.07.??"]
[EventType "swiss"]
[EventRounds "9"]
[EventCountry "USA"]

1. d4 d5 2. Bf4 Nf6 3. e3 c5 4. c3 Nc6 5. Nd2 e6 6. Bd3 Bd6 7. Bg3 e5 8. dxc5
Bxc5 9. Bb5 Bd6 10. Ngf3 Qe7 11. O-O a6 12. Ba4 b5 13. Bc2 Bg4 14. h3 Bh5 15.
Qb1 e4 16. Bxd6 Qxd6 17. Nd4 Nxd4 18. cxd4 O-O 19. Nb3 Nd7 20. Bd1 Bg6 21. Be2
f5 22. g3 Nf6 23. Rc1 Nh5 24. Bxh5 Bxh5 25. Qc2 Bf7 26. Qc6 Qe7 27. Qc7 Qg5 28.
Rc2 Qh5 29. h4 Rae8 30. Rac1 Be6 31. Qf4 h6 32. Rc7 Bc8 33. Nd2 Be6 34. R1c6
Rf7 35. Rxf7 Bxf7 36. Nf1 Re6 37. Rxe6 Bxe6 38. Qd6 Bf7 39. Qxa6 Be8 40. Qe6+
Qf7 41. Qxf7+ Bxf7 42. a3 Bh5 43. Nd2 Be2 44. Kg2 g5 45. hxg5 hxg5 46. f4 g4
47. Kf2 Bd1 48. Nb1 Bb3 49. Nc3 Bc4 50. Ke1 Kf7 51. Kd2 Ke6 52. Nb1 Bd3 53. Nc3
Bc4 54. Kc2 Kd6 55. b3 Bd3+ 56. Kb2 Kc6 57. a4 bxa4 58. bxa4 Bc4 59. Ka3 Kb6
60. Kb4 Kc6 61. a5 Bd3 62. Na4 Be2 63. Nc5 Bc4 64. Ne6 Ba6 65. Ng7 Bc8 66. Ne8
Ba6 67. Nf6 Kd6 68. Nh5 Kc6 69. Nf6 Kd6 70. Ng8 Kc6 1-0

[Event "46th World Open"]
[Site "Philadelphia"]
[Date "2018.07.08"]
[Round "9.2"]
[White "Bruzon Batista, Lazaro"]
[Black "Sevian, Samuel"]
[Result "1/2-1/2"]
[WhiteElo "2646"]
[BlackElo "2624"]
[PlyCount "39"]
[EventDate "2018.07.??"]
[EventType "swiss"]
[EventRounds "9"]
[EventCountry "USA"]

1. e4 e5 2. Nf3 Nc6 3. Bb5 a6 4. Ba4 Nf6 5. O-O Be7 6. Re1 b5 7. Bb3 O-O 8. c3
d5 9. exd5 Nxd5 10. Nxe5 Nxe5 11. Rxe5 c6 12. d3 Bd6 13. Re1 Bf5 14. Qf3 Qh4
15. g3 Qh3 16. Be3 Bxd3 17. Bd4 Qf5 18. Nd2 Rae8 19. Qxf5 Bxf5 20. a4 1/2-1/2

[Event "46th World Open"]
[Site "Philadelphia"]
[Date "2018.07.08"]
[Round "9.3"]
[White "Burke, John M"]
[Black "Swiercz, Dariusz"]
[Result "1/2-1/2"]
[WhiteElo "2524"]
[BlackElo "2663"]
[PlyCount "322"]
[EventDate "2018.07.??"]
[EventType "swiss"]
[EventRounds "9"]
[EventCountry "USA"]

1. e4 e5 2. Bc4 Nf6 3. d3 Nc6 4. Nf3 Bc5 5. O-O d6 6. c3 a6 7. a4 O-O 8. h3 h6
9. Re1 Re8 10. Nbd2 Be6 11. Bxe6 Rxe6 12. b4 Ba7 13. Qc2 Ne7 14. Nc4 Qd7 15.
Be3 Bxe3 16. Rxe3 Ng6 17. d4 exd4 18. Nxd4 Ree8 19. Rae1 b5 20. axb5 axb5 21.
e5 Nd5 22. e6 Rxe6 23. Rxe6 fxe6 24. Nxd6 Ngf4 25. Nb7 Nxb4 26. Qe4 Nbd5 27.
Nc5 Qd6 28. Nd3 Rb8 29. Nxf4 Nxf4 30. Rb1 b4 31. Nc6 Rb5 32. Ne7+ Qxe7 33. Qxf4
c5 34. Qc4 Rb8 35. Qf4 e5 36. Qc4+ Kh8 37. h4 e4 38. cxb4 cxb4 39. Rb3 Qd6 40.
g3 e3 41. Rxe3 b3 42. Re1 b2 43. Qc2 Qb4 44. Rb1 Kg8 45. h5 Qb3 46. Qd2 Qb5 47.
Qc2 Kf8 48. Qd2 Qb4 49. Qc2 Kg8 50. Kg2 Qb3 51. Qd2 Qa2 52. Qc2 Qd5+ 53. Kg1
Qe5 54. Qc4+ Kf8 55. Qc2 Ke7 56. Qd2 Rb6 57. Qc2 Rb4 58. Qd2 Rb7 59. Qc2 Rb6
60. Qd2 Rb8 61. Qc2 Kf8 62. Qd2 Qf6 63. Qc2 Kg8 64. Qd2 Kh8 65. Qc2 Qd4 66. Kg2
Qb6 67. Kg1 Qb7 68. Qd2 Qa8 69. Qe2 Rb6 70. Kh2 Qb8 71. Kg1 Rb4 72. Kh2 Qb5 73.
Qf3 Qb8 74. Qc3 Rb3 75. Qc2 Rb5 76. Kg1 Qb7 77. Qe2 Qb8 78. Kh2 Rb6 79. Kg1 Rb3
80. Kh2 Qb5 81. Qd1 Qf5 82. Kg1 Rb8 83. Kg2 Kh7 84. g4 Qe4+ 85. f3 Qb4 86. Qc2+
Kh8 87. Kg3 Qd4 88. Kg2 Qe5 89. Qd3 Qb5 90. Qc2 Qb3 91. Qe2 Kg8 92. Kg3 Kh8 93.
Kg2 Qc3 94. Kg3 Qc7+ 95. Kg2 Qc1 96. Qd3 Rc8 97. Kg3 Qc7+ 98. Kg2 Qe5 99. Qd2
Rb8 100. Qc2 Qd4 101. Qe2 Qc3 102. Kg3 Qc1 103. Qe4 Qd2 104. Qe5 Qb4 105. Kg2
Qb5 106. Qc3 Kg8 107. Qd2 Qb3 108. Kg3 Qb6 109. Kg2 Qb5 110. Kg3 Qe5+ 111. Kg2
Kf8 112. Qc2 Qb5 113. Kg3 Qb3 114. Qd2 Qb4 115. Qc2 Qd6+ 116. Kg2 Qd4 117. Qf5+
Kg8 118. Qc2 Qe5 119. Qc4+ Kf8 120. Qc2 Rb5 121. Qc8+ Ke7 122. Qc2 Qb8 123.
Qe2+ Kf8 124. Qc2 Kg8 125. Qc4+ Kh8 126. Qc2 Rb3 127. Qe2 Rb4 128. Qc2 Qb7 129.
Kg3 Rb3 130. Qe2 Qc7+ 131. Kg2 Qb8 132. Qc2 Rb5 133. Qe2 Rb6 134. Qc2 Qb7 135.
Qe2 Qb8 136. Qc2 Rb4 137. Qe2 Rb5 138. Qc2 Kg8 139. Qc4+ Kf8 140. Qc2 Qb7 141.
Qe2 Rb4 142. Kg3 Qc7+ 143. Kg2 Qb6 144. Qc2 Qb8 145. Qf5+ Kg8 146. Qc2 Rb3 147.
Qe2 Rb7 148. Qe6+ Kh8 149. Qe2 Rb4 150. Qc2 Qb7 151. Kg3 Qa8 152. Qe2 Rb3 153.
Kg2 Qb8 154. Qc2 Rb4 155. Qe2 Rb5 156. Qc2 Qb7 157. Qe2 Qb8 158. Qc2 Rb4 159.
Qe2 Qb5 160. Qc2 Qb8 161. Qe2 Rb3 1/2-1/2

[Event "46th World Open"]
[Site "Philadelphia"]
[Date "2018.07.08"]
[Round "9"]
[White "Lenderman, Aleksandr"]
[Black "Li, Ruifeng"]
[Result "1-0"]
[WhiteElo "2615"]
[BlackElo "2583"]
[PlyCount "125"]
[EventDate "2018.07.??"]
[EventType "swiss"]
[EventRounds "9"]
[EventCountry "USA"]

1. d4 d5 2. c4 c6 3. cxd5 cxd5 4. Bf4 Nc6 5. e3 Nf6 6. Nc3 a6 7. Bd3 Bg4 8.
Nge2 e6 9. O-O Bd6 10. f3 Bh5 11. Rc1 Bg6 12. Na4 O-O 13. Nc5 Bxc5 14. Rxc5 Nd7
15. Rc3 Qe7 16. Bxg6 hxg6 17. Qb3 Na5 18. Qc2 Nc4 19. b3 Na3 20. Qb2 Nb5 21.
Rc2 Rfc8 22. Rfc1 Rxc2 23. Rxc2 Qd8 24. Qc1 Na7 25. Bc7 Qf8 26. Nf4 Rc8 27. Nd3
Qe7 28. a4 Nc6 29. Bg3 Re8 30. Qb2 g5 31. h3 Kh7 32. Nc5 Nxc5 33. Rxc5 a5 34.
Qc3 Rd8 35. Kf1 Rd7 36. Qd3+ g6 37. Be1 e5 38. Bc3 Qd6 39. Rb5 exd4 40. Bxd4
Nxd4 41. Qxd4 Rc7 42. Qd2 Qh2 43. Kf2 Qh1 44. Kg3 Qb1 45. Qxd5 Qe1+ 46. Kh2
Qxe3 47. Qxg5 Qxg5 48. Rxg5 f5 49. h4 Kh6 50. f4 Rc5 51. h5 gxh5 52. Kg3 b5 53.
Kh4 bxa4 54. bxa4 Rc4 55. Rxf5 Rxa4 56. Rxh5+ Kg6 57. g3 Ra1 58. Kg4 a4 59. Ra5
a3 60. Ra6+ Kf7 61. Kf5 a2 62. Ra7+ Kf8 63. g4 1-0

[Event "46th World Open"]
[Site "Philadelphia"]
[Date "2018.07.08"]
[Round "9"]
[White "Puranik, Abhimanyu"]
[Black "Le, Quang Liem"]
[Result "0-1"]
[WhiteElo "2507"]
[BlackElo "2728"]
[PlyCount "84"]
[EventDate "2018.07.??"]
[EventType "swiss"]
[EventRounds "9"]
[EventCountry "USA"]

1. e4 c5 2. Nf3 d6 3. d4 cxd4 4. Nxd4 Nf6 5. Nc3 a6 6. Be3 e5 7. Nf3 Be7 8. Bc4
Qc7 9. Bb3 O-O 10. O-O Be6 11. Qe2 Rc8 12. Bg5 Nbd7 13. Rfd1 b5 14. Rac1 Bc4
15. Bxc4 Qxc4 16. Rd3 h6 17. Bxf6 Nxf6 18. Nd2 Qb4 19. Nf1 Bd8 20. Rb1 Bb6 21.
a3 Qc4 22. Rbd1 Rc6 23. Ng3 Bd4 24. Nd5 Nxd5 25. exd5 Rc7 26. c3 Bc5 27. Nf5 g6
28. Nxh6+ Kg7 29. Ng4 f5 30. Ne3 Qe4 31. Re1 Rh8 32. Nf1 Qc4 33. Qd2 Kf6 34.
Rg3 Rh5 35. Ne3 Qf4 36. Nf1 Qxd2 37. Nxd2 e4 38. b4 Bb6 39. c4 Bd4 40. cxb5 Rc2
41. Rd1 axb5 42. h3 Rh4 0-1

[Event "46th World Open"]
[Site "Philadelphia"]
[Date "2018.07.08"]
[Round "9"]
[White "Shmeliov, Denis"]
[Black "Ipatov, Alexander"]
[Result "0-1"]
[WhiteElo "2460"]
[BlackElo "2650"]
[PlyCount "98"]
[EventDate "2018.07.??"]
[EventType "swiss"]
[EventRounds "9"]
[EventCountry "USA"]

1. d4 d6 2. Nf3 Nf6 3. c4 g6 4. Nc3 Bf5 5. g3 Ne4 6. Nxe4 Bxe4 7. Bg2 Bg7 8.
O-O Nd7 9. b3 e6 10. Bb2 g5 11. Qd2 g4 12. Ne1 Bxg2 13. Nxg2 h5 14. Rac1 Qf6
15. f4 gxf3 16. Rxf3 Qg6 17. Nh4 Qg4 18. Rcf1 Bh6 19. Qa5 O-O-O 20. Qxa7 Rhg8
21. Ng2 h4 22. c5 hxg3 23. hxg3 Nb8 24. Qa5 f5 25. cxd6 Rxd6 26. e3 Ra6 27. Qc3
Rxa2 28. b4 Qe4 29. b5 Qd5 30. b6 Nc6 31. bxc7 Rg7 32. Bc1 Rxc7 33. Qc5 Nxd4
34. Qxd4 Qxd4 35. exd4 Bxc1 36. d5 exd5 37. Rxf5 Rcc2 38. R5f2 b5 39. Rxc2+
Rxc2 40. Rd1 Bd2 41. Rb1 b4 42. Kf1 Kd7 43. Ne1 Bxe1 44. Kxe1 Rc4 45. Ke2 Kd6
46. Rg1 b3 47. Kd2 Kc5 48. g4 b2 49. g5 Rg4 0-1

[Event "46th World Open"]
[Site "Philadelphia"]
[Date "2018.07.08"]
[Round "9"]
[White "Flom, Gabriel"]
[Black "Sheng, Joshua"]
[Result "0-1"]
[WhiteElo "2515"]
[BlackElo "2411"]
[PlyCount "105"]
[EventDate "2018.07.??"]
[EventType "swiss"]
[EventRounds "9"]
[EventCountry "USA"]

1. d4 d5 2. c4 e6 3. Nc3 c6 4. Nf3 Nf6 5. Bg5 h6 6. Bxf6 Qxf6 7. e3 Nd7 8. Be2
dxc4 9. O-O g6 10. Ne4 Qe7 11. Ne5 Bg7 12. f4 Nb6 13. Rc1 O-O 14. Bxc4 Nxc4 15.
Rxc4 Bd7 16. Qb3 Rfb8 17. Nxd7 Qxd7 18. Rfc1 a5 19. Rc5 Qc7 20. h4 h5 21. Rg5
Re8 22. g4 hxg4 23. h5 a4 24. Qc4 Ra5 25. hxg6 f5 26. Nc5 Qe7 27. Kg2 Rb5 28.
Rc2 Bh6 29. Rh5 Kg7 30. Qxa4 Kxg6 31. Rh1 Bg7 32. Qc4 Ra5 33. Kf1 b6 34. Nb3
Rxa2 35. Qxc6 Raa8 36. Qb5 Rac8 37. Re2 Qc7 38. Qd3 Rh8 39. Rg1 Kf7 40. d5 Qc4
41. dxe6+ Qxe6 42. e4 Rh3 43. exf5 Qc6 44. Qd1 Rf3+ 45. Ke1 Bxb2 46. Nd2 Rd3
47. Re7+ Kf8 48. Re6 Qc5 49. Rxg4 Rxd2 50. Qxd2 Bc3 51. Kd1 Bxd2 52. Rf6+ Ke7
53. Re6+ 0-1